| 000 | 00436nam a2200193Ia 4500 | ||
|---|---|---|---|
| 005 | 20240823032844.0 | ||
| 008 | 240823s9999||||xx |||||||||||||| ||und|| | ||
| 020 | _a978-81-907708-04 | ||
| 041 | _aENGLISH | ||
| 082 | _A333.7 P9 | ||
| 100 | _aUmamaheswari Ma | ||
| 245 | 0 | _aSutrusulal Kalvi | |
| 250 | _a1st | ||
| 260 |
_c2009 _bNal |
||
| 500 | _aYES | ||
| 650 |
_aTamil Book _bGeneral |
||
| 700 | _a Muruhavel T | ||
| 942 | _cBK | ||
| 999 |
_c194421 _d194421 |
||